[Event "Shropshire Open"]
[Site "Telford"]
[Date "2024.01.12"]
[Round "1.11"]
[White "Holyhead, James"]
[Black "Pink, Joshua"]
[Result "0-1"]
[WhiteElo "1710"]
[BlackElo "2024"]
[Annotator "Van Kemenade, Rudy"]
[PlyCount "96"]
[EventDate "2024.01.12"]
[EventType "swiss"]
[EventRounds "5"]
[EventCountry "ENG"]
[SourceTitle "BritBase"]
[Source "John Saunders"]
[SourceDate "2024.04.05"]
[SourceVersion "1"]
[SourceVersionDate "2024.04.05"]
[SourceQuality "1"]

1. d4 Nf6 2. Nf3 c5 3. g3 (3. d5) 3... cxd4 4. Bg2 (4. Nxd4) 4... e5 5. O-O Nc6
{39% for Wh} 6. c4 (6. c3 {hopes for some pressure against Bl's centre} dxc3 7.
Nxc3 d5 8. Bg5 d4 $17) 6... d5 (6... Be7 {1-8}) (6... Bc5 {1-5}) 7. Nbd2 (7.
cxd5 Qxd5 $17 {1-2} (7... Nxd5 8. Nxe5 {3-0})) (7. Qa4 Bd7 8. cxd5 Na5 9. Qd1
Bd6 10. e3 dxe3 11. Bxe3 $11 {SF16}) 7... Be6 (7... e4 8. Ng5 Be7 $17 {SF16})
8. Ng5 Bf5 (8... Be7 9. Nxe6 fxe6 $17 {SF16}) 9. cxd5 Nxd5 (9... Nb4 10. Nc4 h6
11. e4 dxe3 12. Nxe3 Bd3 13. Re1 (13. a3 hxg5 14. Re1 $11) 13... hxg5 14. a3
Qd7 15. axb4 Bxb4 16. Bd2 $11 {SF16}) 10. Qb3 $16 Ncb4 (10... Qxg5 11. Qxb7 Rc8
12. Bxd5 Qg6 13. Nc4 Bd7 14. Bd2 $16 {SF16}) 11. Nc4 $18 h6 (11... Qc7 12. Nxe5
Qxe5 13. a3 $18 {SF16}) 12. Nxf7 Kxf7 13. a3 (13. e4 $1 $18 {SF16} Be6 (13...
dxe3 14. fxe3 Qc8 15. e4 $18) 14. exd5 Bxd5 15. Bd2 Kf6 16. Bxb4 $18 {SF16})
13... Nc6 (13... Be6 14. Qf3+ Kg8 15. axb4 Nxb4 16. Nxe5 $16 {SF16}) 14. Qxb7+
$18 (14. e4 $1 $18) 14... Nce7 15. Nd6+ $2 (15. e4 $1 dxe3 16. fxe3 Kg8 17.
Rxf5 Rb8 18. Bxd5+ Qxd5 19. Qxd5+ Nxd5 20. Nxe5 $18) 15... Qxd6 16. Qxa8 Nc6 (
16... Qd7 17. Qb8 e4 18. Qb3 Qe6 19. Qc4 Nc6 $17 {SF16}) 17. e4 {too late} (17.
Bd2 e4 18. Rac1 Nde7 19. b4 $16 {Sf16}) 17... Nc7 (17... Nb6 $1 18. Qb7+ Qd7
19. Qxd7+ (19. Qa6 Be6) 19... Bxd7 $19 {SF16}) 18. Qb7 Be6 (18... Nd8 19. Qxa7
Nc6 20. Qb7 Nd8 21. Qb3+ Be6 22. Qf3+ Kg8 23. Bd2 $14 {SF16}) 19. f4 (19. Bd2
Nd8 20. Qxa7 $18) 19... Kg8 (19... Qd7 $19 20. Bd2 (20. fxe5+ Kg6 21. b4 Bc5
22. bxc5 Rb8 $19) 20... Bc5 21. Rac1 Rb8 $19 {SF16}) 20. fxe5 (20. Bd2 $18 {
SF16}) 20... Nxe5 {So far a frustrating game for humans, with the Engine
telling both players alternatively they have got it all wrong ( it continues)}
(20... Qd7 21. Rxf8+ (21. b4 Kh7 22. b5 Na5 23. Qxa7 Nb3 24. Rb1 Bc5 25. b6 Rc8
26. Bf4 Qb5 $19 {SF16}) 21... Kxf8 22. Bd2 Ne8 23. Rf1+ Kg8 24. Qxd7 Bxd7 $15 {
SF16}) 21. Bf4 $11 g5 22. Bxe5 Qxe5 23. Qb8 (23. Rac1 $11) 23... Kg7 $19 24.
Qxa7 {(draw?)} Bc5 25. Qa4 Ra8 $19 (25... d3+ $19) 26. Qd1 Nb5 (26... d3+ 27.
Kh1 Rd8 $19 {SF16}) 27. Qd3 Nd6 28. Rac1 Bg4 $2 (28... Bb6 29. Rc6 Rb8 $19 {
SF16}) 29. Rxc5 $1 Qxc5 30. e5 Re8 31. Rf6 $2 {going for the K, but Bl has a
zwischenzug} (31. exd6 Qxd6 32. Qc4 Bh5 $11 {SF16- Bl's advanced pawn is
enough to hold before Wh's Q side gets moving}) 31... Bf5 $19 32. Rxf5 Nxf5 33.
Qxf5 Qxe5 {playing safe after all the turmoil and also with both in time
shortage} (33... d3+ $1 34. Kh1 (34. Kf1 Rf8) 34... Qc1+ 35. Bf1 Rf8 36. Qd7+
Rf7 37. Qxd3 Qxf1+ 38. Qxf1 Rxf1+ $19 {SF16}) 34. Qxe5+ Rxe5 35. Bf1 Re3 36.
Kf2 Rb3 37. Ke2 Kf6 38. Kd2 Rxb2+ 39. Kd3 Ke5 40. Kc4 Rxh2 41. a4 Ke4 42. a5
Ra2 43. Kb5 d3 44. a6 Ke3 45. Bh3 h5 (45... d2 46. Bg4 Ra1) 46. Be6 Rxa6 {
simplest for humans} (46... Rb2+ 47. Kc6 d2 48. a7 d1=Q 49. a8=Q Rc2+ 50. Kb7
Qb1+ 51. Ka6 Qa1+ 52. Kb7 Rb2+ 53. Kc7 Qxa8 {SF16- Engines don't suffer under
pressure}) 47. Kxa6 d2 48. Bb3 h4 {neither a B nor a K can dance at two
weddings.} 0-1

[Event "Shropshire Open"]
[Site "Telford"]
[Date "2024.01.13"]
[Round "2.1"]
[White "Martin, Lewis"]
[Black "Freeland, Alex"]
[Result "1-0"]
[WhiteElo "2228"]
[BlackElo "2095"]
[Annotator "Van Kemenade, Rudy"]
[PlyCount "47"]
[EventDate "2024.01.12"]
[EventType "swiss"]
[EventRounds "5"]
[EventCountry "ENG"]
[SourceTitle "BritBase"]
[Source "John Saunders"]
[SourceDate "2024.04.05"]
[SourceVersion "1"]
[SourceVersionDate "2024.04.05"]
[SourceQuality "1"]

1. c4 e6 2. g3 d5 3. Bg2 dxc4 (3... Nf6 {main} 4. d4 Be7 5. Nc3 O-O 6. Nf3 c5 {
Gilfillan-Freeland, 4NCL 2015,0-1}) 4. Na3 (4. Qa4+) (4. Nf3 {main lines}) 4...
Bxa3 5. bxa3 (5. Qa4+ {3 Wh wins, 1 draw}) 5... c6 6. Qc2 (6. Bb2 Nf6 {3-2-2})
(6. Nf3 {30 games,43% for Wh}) 6... b5 7. a4 a6 8. Nf3 (8. axb5 axb5 9. Bb2 Nf6
10. Nf3 O-O 11. Nd4 (11. a4 $11) 11... Nd5 12. a4 Bd7 13. O-O Na6 $15 {
Roessner-Bifulco, Arco op 2018,0-1}) 8... Nf6 9. Ba3 (9. O-O O-O 10. Bb2 $11 {
2-1-1}) 9... Bb7 (9... Nd5 $11 {2-0}) 10. O-O Nbd7 11. Rab1 (11. Rfd1 c5 $17
12. Bb2 Be4 13. d3 cxd3 14. exd3 Bd5 {Vallespir Salor-Shen, Palma de Mallorca
op 2013,0-1}) (11. Ne1 Qb6 12. d3 c5 13. dxc4 b4 14. Bb2 (14. a5 Qxa5 15. Bxb7
Rb8 16. Bxa6 Qxa6 17. Bb2 $11 {SF16}) 14... a5 $15 {Ziemak-Caliguire, USA ch
ICCF 2019, 0-1}) (11. d3 $11 {SF16}) 11... Nb6 (11... c5 $17 {SF16}) 12. Rfd1 (
12. d3 $14 {SF16}) 12... Nxa4 (12... Qc7 $11 {SF16}) 13. Ne5 $16 Qc7 14. Nxc4
Rd8 15. Bb4 Rd4 16. d3 c5 (16... Ba8 17. Ba5 Qc8 18. e3 Rd7 19. Ne5 Rd6 20. d4
$16 {SF16}) 17. Ba5 $18 Qe7 18. Bxb7 Qxb7 19. Qxa4 (19. e3 Rd7 20. Qxa4 {SF16})
19... Qc8 20. Rxb5 axb5 21. Qxb5+ Qd7 (21... Nd7 22. Bc3 $18 {SF16}) 22. Qb8+
Ke7 23. Qxh8 Rxc4 24. Qd8+ (24. Rb1) 1-0

[Event "Shropshire Open"]
[Site "Telford"]
[Date "2024.01.13"]
[Round "2.3"]
[White "Pink, Joshua"]
[Black "Ferrington, Nigel"]
[Result "0-1"]
[WhiteElo "2024"]
[BlackElo "2122"]
[Annotator "Van Kemenade, Rudy"]
[PlyCount "60"]
[EventDate "2024.01.12"]
[EventType "swiss"]
[EventRounds "5"]
[EventCountry "ENG"]
[SourceTitle "BritBase"]
[Source "John Saunders"]
[SourceDate "2024.04.05"]
[SourceVersion "1"]
[SourceVersionDate "2024.04.05"]
[SourceQuality "1"]

1. e4 e5 2. Nf3 Nc6 3. c3 {new to both players, according to databases, yet
both follow complex theory} Nf6 4. d4 Nxe4 5. d5 Bc5 {a promising piece
sacrifice} (5... Ne7 {main}) 6. dxc6 Bxf2+ 7. Ke2 Bb6 (7... bxc6 {is an older
move} 8. Qa4 {61% for Wh}) 8. Qd5 (8. Be3 bxc6 (8... Bxe3 {are good for Bl}))
8... Nf2 9. cxb7 (9. Rg1 {is the only move to keep Wh in the game,
Lokanderv2015 & Ntirlis 2016} O-O $1 10. cxb7 Bxb7 11. Qxb7 Qf6 12. Qd5 {
41 % for Wh} (12. Na3 {39% for Wh})) 9... Bxb7 10. Qxb7 O-O (10... Nxh1 $15 {
Cloud Engines, 17 games, 29% for Wh}) 11. Bg5 (11. Rg1 {transposes back to 34
games}) (11. Qxb6 axb6 12. Kxf2 e4 13. Nd4 f5 $15 {SF16 , not yet played})
11... f6 12. Qd5+ (12. Be3 Nxh1 13. Qd5+ (13. Bxb6 axb6 14. Qd5+) 13... Kh8 14.
Bxb6 axb6 {1-2}) 12... Kh8 13. Be3 c6 (13... Nxh1 $17 {trasposes to the above
note}) (13... Bxe3 14. Kxe3 Nxh1 15. Nbd2 $11 {Pichler-Schaefer,
Sachsen-Anhalt Verbandsliga 2019,1-0}) 14. Qb3 (14. Bxb6 axb6 15. Qd6 Nxh1 $17
{SF16}) (14. Qd2 Nxh1 $17 {SF16}) 14... Bxe3 15. Kxe3 Nxh1 $19 16. c4 d5 (16...
e4) 17. Nbd2 e4 18. Bd3 (18. Nd4 f5 $19 {SF16}) 18... exf3 (18... exd3) 19.
Rxh1 fxg2 20. Rg1 Rb8 21. Qc2 Qb6+ 22. c5 Rfe8+ (22... Qxb2) 23. Kf3 Qxb2 24.
Rxg2 Qe5 25. Nf1 Rb4 26. Re2 Qf4+ 27. Kg2 Rxe2+ 28. Qxe2 Qe5 29. Ng3 Rb2 30.
Bc2 Qxe2+ 0-1

[Event "Shropshire Open"]
[Site "Telford"]
[Date "2024.01.13"]
[Round "2.4"]
[White "Underwood, Jon"]
[Black "Jukes, Sam"]
[Result "1/2-1/2"]
[WhiteElo "2098"]
[BlackElo "1969"]
[Annotator "Van Kemenade, Rudy"]
[PlyCount "47"]
[EventDate "2024.01.12"]
[EventType "swiss"]
[EventRounds "5"]
[EventCountry "ENG"]
[SourceTitle "BritBase"]
[Source "John Saunders"]
[SourceDate "2024.04.05"]
[SourceVersion "1"]
[SourceVersionDate "2024.04.05"]
[SourceQuality "1"]

1. c4 b6 2. Nc3 Bb7 3. e4 (3. d4 Nf6 {3-3 Jukes}) 3... e5 4. a3 (4. Nf3 Nc6 5.
Be2 Bc5 6. O-O Nge7 7. Na4 d6 8. Nxc5 bxc5 $17 {Sipho-Jukes, West Wales op
2022,0-1}) (4. d3 Nc6 5. Nge2 Bc5 6. Na4 Nge7 7. Nxc5 bxc5 8. g3 O-O 9. Bg2 Nd4
$11 {C.Morris-Jukes, WLS ch 2023,0-1}) 4... a5 (4... Nc6) (4... g6 5. g3 Bg7 6.
Bg2 Nc6 7. Nge2 Nge7 8. d3 Nd4 {Underwood-Dizdarevic,Hvar op, oct 2023,1/2-1/2}
) 5. Nf3 (5. f4 exf4 6. Nf3 g5 7. d4 g4 8. Bxf4 gxf3 9. Qxf3 Nc6 10. O-O-O $16
{Narayanan-Daulyte Cornette, PRO league Chess.com rapid 2023,1-0}) (5. d3 Bc5
6. Nge2 Nc6 7. f4 d6 8. Na4 Nge7 9. f5 g6 10. Ng3 {Tari-Duijn, EU cup Durres,
2023,1-0}) 5... Nc6 6. d4 exd4 7. Nxd4 g6 (7... Nxd4 8. Qxd4 Qf6 9. Qd3 Bc5 10.
f3 Ne7 $14 {SF16}) 8. Be2 (8. Ndb5 $18 Nf6 (8... Nge7 9. Bf4 d6 10. Bxd6 cxd6
11. Nxd6+ $18) 9. Bf4 d6 10. Nd5 Rc8 11. g3 Bg7 12. Bg5 h6 13. Bxf6 Bxf6 14.
Bh3 $18 {SF16}) 8... Bg7 9. Ndb5 Nge7 (9... Na7) 10. Nd5 (10. Bg5 f6 11. Bh4
O-O 12. Qd2 $18 {SF16}) 10... Nxd5 11. cxd5 Na7 12. Qc2 (12. Nc3 $16 {Sf16})
12... Nxb5 13. Bxb5 O-O 14. O-O $11 c6 15. dxc6 dxc6 16. Bc4 Qe7 17. Be3 c5 18.
f3 Ba6 19. Bxa6 Rxa6 20. Rad1 Raa8 21. Rd3 Rfd8 22. Rfd1 Rxd3 23. Rxd3 Rd8 24.
b3 {[draw?]} 1/2-1/2

[Event "Shropshire Open"]
[Site "Telford"]
[Date "2024.01.13"]
[Round "2.5"]
[White "He, Tom Junde"]
[Black "Mason, Donald"]
[Result "0-1"]
[WhiteElo "1745"]
[BlackElo "2055"]
[Annotator "Van Kemenade, Rudy"]
[PlyCount "102"]
[EventDate "2024.01.12"]
[EventType "swiss"]
[EventRounds "5"]
[EventCountry "ENG"]
[SourceTitle "BritBase"]
[Source "John Saunders"]
[SourceDate "2024.04.05"]
[SourceVersion "1"]
[SourceVersionDate "2024.04.05"]
[SourceQuality "1"]

1. e4 e6 2. d4 d5 3. Nd2 c5 4. dxc5 (4. exd5) (4. Ngf3 {main lines}) 4... Bxc5
5. Nb3 Bb6 6. exd5 exd5 7. Bd3 (7. Nf3 {main, scores better}) 7... Nf6 8. Qe2+
(8. Nf3) 8... Be6 9. Bg5 h6 10. Bh4 O-O {1-1-3} 11. Nf3 Nc6 12. O-O g5 (12...
Re8 13. c3 Bg4 14. Qc2 Bxf3 15. gxf3 Ne5 {Damm-Jorgensen, Copenhagen AS04
Centenary 2004,0-1}) (12... Bg4 13. Rfe1 g5 14. Bg3 Re8 15. Qd1 Ne4 16. c4 Nxg3
17. hxg3 dxc4 18. Bxc4 Qf6 {Scholz-Schwarte, rangliste 2100-2600, freechess
2014,0-1}) 13. Bg3 (13. Nxg5 hxg5 14. Bxg5 Kg7 $17) 13... Re8 14. c3 Ne4 (14...
Bg4 $1 15. Qd1 Ne4 $19 {SF16}) 15. Rad1 (15. Nfd4 Qf6 16. Rad1 Rad8 $15 {SF16})
15... Qf6 (15... Bf5 $17) 16. Nbd4 (16. Nfd4) 16... Bg4 $19 17. Qc2 Bxd4 18.
Nxd4 Bxd1 19. Rxd1 Nxd4 20. cxd4 Nxg3 21. hxg3 Re7 22. Kh2 Kg7 23. Qc5 Rd8 24.
Rf1 b6 25. Qb4 a5 26. Qc3 h5 27. Qd2 h4 28. g4 Qf4+ 29. Qxf4 gxf4 30. Rc1 Rde8
31. Rc6 Re1 32. g5 Rd1 33. Bf5 Rxd4 34. Kh3 (34. Rxb6 Rd2) 34... Re5 35. Bg4
Rxg5 36. Rxb6 Rb4 37. Ra6 Rxb2 38. Kxh4 Rg6 39. Rxa5 Rxf2 40. Bf3 Rf1 41. g4 (
41. Bg4 Rh1+ 42. Bh3 Rxg2 43. Rxd5 Rg3) 41... Rxf3 42. Rxd5 Rf1 43. Kh3 Rg1 44.
a4 Rh6+ (44... Rg3+ 45. Kh2 R6xg4 46. Rh5 Rg2+ 47. Kh1 f3 48. a5 Rg1+ 49. Kh2
R4g2+ 50. Kh3 Rh1# {SF16}) 45. Rh5 Rxh5+ 46. gxh5 f3 47. h6+ Kxh6 48. a5 f2 49.
Kh4 f1=Q 50. a6 f5 51. a7 Rg4# 0-1

[Event "Shropshire Open"]
[Site "Telford"]
[Date "2024.01.13"]
[Round "2.6"]
[White "Potter, John M"]
[Black "Hilditch-Love, Daniel"]
[Result "1/2-1/2"]
[WhiteElo "2196"]
[BlackElo "1930"]
[Annotator "Van Kemenade, Rudy"]
[PlyCount "68"]
[EventDate "2024.01.12"]
[EventType "swiss"]
[EventRounds "5"]
[EventCountry "ENG"]
[SourceTitle "BritBase"]
[Source "John Saunders"]
[SourceDate "2024.04.05"]
[SourceVersion "1"]
[SourceVersionDate "2024.04.05"]
[SourceQuality "1"]

1. e4 d6 2. d4 Nf6 3. Nc3 c6 4. Bg5 (4. f4) (4. Nf3 {main lines}) (4. g3 Qa5 5.
Bg2 e5 6. Nge2 b5 7. O-O Be7 8. h3 Nbd7 9. Be3 b4 10. Nb1 c5 11. c3 {Van
Kemenade-Hilditch-Love, Shropshire League 2023,1-0}) 4... Nbd7 5. f3 Qa5 6. Qd2
e5 7. Nge2 Be7 {2-1-4} 8. h4 b5 (8... O-O {0.5-1.5}) 9. Ng3 (9. Nc1 b4 10. N3e2
d5 11. Nb3 Qc7 12. exd5 cxd5 13. dxe5 Nxe5 14. Nf4 Nc4 15. Qe2 O-O $15 {
Kislov-Genovese, Catania op 1991,1-0} (15... Bb7 $19 {SF16})) 9... h6 (9...
exd4 10. Qxd4 Ne5 $11 {SF16}) 10. Be3 exd4 11. Bxd4 b4 12. Nd1 (12. Nf5 Ne5 (
12... bxc3 13. Nxg7+ Kf8 14. Bxc3 Qc7 15. Nf5 $16) 13. Nxe7 Kxe7 14. Ne2 $16 {
SF16}) 12... Ne5 13. Ne3 h5 (13... O-O 14. c3 $14) 14. b3 (14. Ngf5 Bxf5 15.
Nxf5 Kf8 16. O-O-O Qxa2 17. Qxb4 $18 (17. b3 $18 {SF16})) 14... Rb8 15. a4 (15.
Nef5 $18) 15... Qc7 16. O-O-O $18 g6 17. f4 (17. Bb2) 17... Ned7 (17... Neg4
18. Nxg4 Bxg4 19. Re1 O-O 20. f5 $18 {SF16}) 18. Nc4 (18. Bc4 Bb7 (18... O-O
19. f5 $18) 19. Rhe1 Rd8 20. Bb2 a5 21. Qf2 O-O 22. Nef5 $18 {SF16}) (18. Bb2
O-O 19. e5 {Kmoch's sealer, sweeper idea} dxe5 20. f5 $18) 18... O-O 19. e5 (
19. f5 $18 {SF16}) 19... dxe5 20. fxe5 Ng4 21. Be2 Nc5 (21... Ndxe5 22. Nxe5
Nxe5 23. Qe3 Bf6 24. Bxh5 Bg7 25. Bxa7 Bg4 26. Bxb8 Rxb8 27. Bxg4 Nxg4 28. Qf3
Qe5 29. Qxg4 Bh6+ 30. Kb1 Bg7 31. Qd4 Qxd4 32. Rxd4 Bxd4 33. Ne2 Bg7 34. h5 $16
{SF16}) 22. Rdf1 (22. Nxh5 Nxb3+ 23. cxb3 gxh5 24. Rhf1 $18 {SF16}) (22. Bxc5
Bxc5 23. Bxg4 Bxg4 24. Ne4 Bxd1 25. Qh6 f5 26. Nxc5 Bg4 27. Qxg6+ Qg7 28. Qxc6
$18 {SF16}) 22... Rd8 23. Bxg4 (23. Qf4 $18) 23... Bxg4 24. Qf2 (24. Qf4 Be6
25. Nd6 $18 {SF16}) 24... Be6 25. Nd6 (25. Bxc5 Bxc4 26. Bd6 Rxd6 27. bxc4 Rd7
28. Qxf7+ Kh8 29. Qf4 Bf8 30. Qf6+ Kh7 31. Ne4 Bg7 32. Ng5+ Kh6 33. Qf4 Qa5 34.
Ne4+ Kh7 35. e6 Rdd8 36. Ng5+ Kh8 37. Nf7+ Kh7 38. Nxd8 Rxd8 39. e7 Re8 40. Qf7
b3 41. Rf6 Rxe7 42. Qxe7 Qc3 43. Rf2 Qa1+ 44. Kd2 Qd4+ 45. Ke2 Qxc4+ 46. Ke3
Qd4+ {perpetual- one of those complex Engine variations}) 25... Nb7 (25...
Nxb3+ 26. cxb3 c5 27. Be3 Bxd6 28. exd6 Qxd6 29. Bf4 Qd3 30. Qc2 Rbc8 31. Qxd3
Rxd3 32. Rf3 Rxb3 33. Rxb3 Bxb3 34. a5 Bd5 35. Rd1 Bxg2 36. Nxh5 gxh5 37. Rg1
$16 {Sf16}) 26. Bxa7 (26. Nxh5 $1 $18 {SF16} gxh5 (26... Nxd6 27. exd6 Rxd6 28.
Nf6+ Bxf6 29. Bxf6 Bf5 30. Bb2 Rf8 31. h5 $18) 27. Qg3+ Kf8 28. Nxf7 Ke8 (28...
Bxf7 29. Rxf7+ Kxf7 30. e6+ Kxe6 31. Qxc7) 29. Bxa7 $18) 26... Nxd6 27. Bxb8
Qxb8 28. exd6 Qxd6 (28... Bxd6 29. Ne4 $18) 29. Qf4 $16 Qd5 30. Rd1 Qc5 (30...
Qxg2 31. Rxd8+ Bxd8 32. Qb8 Kh7 33. Qxd8 Qxg3 34. Qd4 $18 {Bl has lost the B
pair which gave compensation vs R & N}) 31. Rxd8+ (31. Ne4 Qf5 32. Rxd8+ Bxd8
33. Qxf5 Bxf5 34. Nd6 Be6 35. Nb7 Bc7 36. Re1 Bd5 37. Re2 f5 38. a5 $18 {
SF16- the a pawn wins}) 31... Bxd8 32. Qb8 $2 {missing the reply} (32. Rd1 Bd5
33. Ne4 Qe7 34. Qg5 Kg7 35. Qxe7 Bxe7 36. Rd4 Bd8 37. Kd1 Ba5 38. Ke2 Kf8 39.
Nc5 Bxg2 40. Nb7 Bb6 41. Rxb4 Bc7 42. Kf2 Bh1 43. Nc5 Bd6 44. Rc4 $18 {
SF16-Engines can calculate dispassionately in a way humans are not always
capable of , especially in time shortage}) 32... Qd4 $11 33. Kb1 (33. Ne2 Qa1+
34. Kd2 Qxh1 35. Qxd8+ Kh7 36. Qg5 Bg4 $11 {Sf16}) 33... Kg7 34. Ne2 (34. Ne4
Bxb3 35. Nd6 Bxh4 36. Ne8+ Kh7 37. cxb3 Qe4+ 38. Ka1 Qd4+ 39. Kb1 Qd3+ $14 {
SF16}) 34... Qd2 $17 {Wh offered a draw} (34... Qd2 35. Ng3 Bf6 36. Rf1 Bd4 37.
Ne4 Qxg2 38. Qf4 (38. Ng3 Bxb3 $19) 38... Bf5 39. Nd2 c5 40. Kc1 Bf6 41. Kd1 c4
$19 {SF16}) 1/2-1/2

[Event "Shropshire Open"]
[Site "Telford"]
[Date "2024.01.13"]
[Round "2.7"]
[White "Burrows, Martin"]
[Black "Wastney, Dylan"]
[Result "1-0"]
[WhiteElo "2159"]
[BlackElo "1907"]
[Annotator "Van Kemenade, Rudy"]
[PlyCount "111"]
[EventDate "2024.01.12"]
[EventType "swiss"]
[EventRounds "5"]
[EventCountry "ENG"]
[SourceTitle "BritBase"]
[Source "John Saunders"]
[SourceDate "2024.04.05"]
[SourceVersion "1"]
[SourceVersionDate "2024.04.05"]
[SourceQuality "1"]

1. e4 c5 2. Nf3 d6 3. d4 cxd4 4. Nxd4 Nf6 5. Nc3 a6 6. Bc4 {Burrows, 27 games,
72 %} (6. f3 e5 7. Nb3 Be6 8. Be3 {Rida-Wastney, Daventry 4NCL op 20223,1-0})
6... e6 7. Bb3 Be7 8. Be3 (8. f4 b5 9. e5 dxe5 10. fxe5 Nfd7 11. Bf4 (11. Bxe6
$1) 11... Qb6 12. Ne4 (12. Nf5 exf5 13. Nd5 $11 {SF16}) 12... Nc6 13. Be3 Ncxe5
(13... O-O $17) 14. Nf5 $16 {Burrows-Forsaa, e2e4 op Sunningdale 2014,0-1})
8... b5 9. f3 (9. a3 {many games by Kramnik}) 9... O-O 10. Qd2 Qc7 11. g4 Bb7 (
11... Nc6 {main, 55% for Wh}) 12. g5 (12. O-O-O {5-3}) 12... Nh5 (12... Nfd7
13. O-O-O $14 {2-1}) 13. O-O-O $16 Nd7 (13... Nc6 14. Nxe6 fxe6 15. Bxe6+ Kh8
16. Nd5 Qd8 17. Bg4 $16 {Sf16}) 14. Nce2 Rfd8 15. Ng3 Nxg3 16. hxg3 $18 Nf8 17.
Qh2 (17. Rxh7 $1 $18 {SF16} Nxh7 18. Rh1 (18. Qh2 Bxg5 $11) 18... d5 19. Qh2
Kf8 20. Qxh7 Ke8 21. Qxg7 Qxg3 22. Qg8+ Kd7 23. Qxf7 Qd6 24. Bxd5 Bxd5 25. exd5
Rf8 26. Qxe6+ Qxe6 27. dxe6+ Kd6 28. Rd1 $18 {Sf16}) 17... d5 18. g6 fxg6 (
18... Bc5 19. Bg5 Bxd4 20. gxf7+ Qxf7 21. Rxd4 Rdc8 22. e5 Qxf3 23. Rf4 $18 {
Sf16}) 19. Nxe6 $1 Nxe6 20. Qxh7+ Kf7 21. exd5 Bxd5 22. Rxd5 Rac8 (22... Bf6
23. Bf4 $18) 23. Rxd8 Rxd8 24. Bxe6+ Kxe6 25. Qxg6+ Bf6 26. Re1 Kd7 27. Qf5+
Kc6 28. Qc5+ (28. Qe4+ Rd5 29. c4 bxc4 30. Rd1 Qe5 31. Qxc4+ Kd6 32. Bf4 $18 {
SF16}) 28... Kd7 29. Rd1+ Kc8 30. Qxc7+ Kxc7 31. Rxd8 Kxd8 32. c3 $18 {Wh has
an extra pawn on both sides} Kd7 33. Bd4 Bg5+ 34. f4 (34. Kc2) 34... Bh6 35.
Kd2 Ke6 36. Ke3 Kd5 37. g4 g6 38. g5 (38. b3 {SF16- zugzwang}) 38... Bf8 39. f5
gxf5 40. g6 Bh6+ 41. Kf3 (41. Kd3 Ke6 42. b3 {also}) 41... Ke6 42. b3 a5 43. a4
(43. c4) 43... bxa4 44. bxa4 Bd2 45. c4 Bb4 46. Ke3 (46. g7 Kf7 47. Kf4) 46...
Bd6 47. Bc3 Bc7 48. Kd4 (48. Kd3 Bd6 49. Kd4) 48... Be5+ (48... Kf6 49. Kd5+
Kxg6 50. Kc6 Bb8 51. Bxa5 Ba7 52. c5 $18 {SF16}) 49. Kd3 Bc7 50. c5 Bd8 51. Kc4
Bc7 52. c6 Bb6 53. Kb5 (53. g7 Kf7 54. Be5 {Sf16}) 53... Bc7 54. Bxa5 Be5 55.
Kc4 Kd6 56. Bc3 1-0

[Event "Shropshire Open"]
[Site "Telford"]
[Date "2024.01.13"]
[Round "2.8"]
[White "Hood, Simon W"]
[Black "Whitmore, Darren"]
[Result "0-1"]
[WhiteElo "2043"]
[BlackElo "1878"]
[Annotator "Van Kemenade, Rudy"]
[PlyCount "58"]
[EventDate "2024.01.12"]
[EventType "swiss"]
[EventRounds "5"]
[EventCountry "ENG"]
[SourceTitle "BritBase"]
[Source "John Saunders"]
[SourceDate "2024.04.05"]
[SourceVersion "1"]
[SourceVersionDate "2024.04.05"]
[SourceQuality "1"]

1. e4 c5 2. Nc3 Nc6 3. f4 e6 4. Nf3 d5 5. Bb5 a6 (5... Nge7 {main, elite GMs})
6. Bxc6+ bxc6 7. d3 Nf6 8. O-O Be7 9. Qe1 Qb6 (9... O-O {85 games}) 10. Kh1 (
10. Na4 Qb4 11. b3 Qxe1 12. Rxe1 $18 {SF16- as Bl has an awful pawn structure
and a bad QB-similar to Rossolimo lines}) 10... O-O 11. b3 $16 {SF16} (11. e5 {
3-0}) (11. Qg3 $14 {0-2}) 11... c4 {Bl's best try, before Wh gets to play c4
and fixes the pawn on c5} 12. bxc4 dxc4 13. Rb1 Qc7 14. dxc4 a5 15. Ne5 (15. e5
Ng4 16. h3 Nh6 17. g4 $16 {SF16}) 15... Ba6 $11 16. Rf3 Rab8 (16... Nd7 17.
Nxd7 Qxd7 18. Be3 Rab8 19. Rd1 Qc7 20. c5 Rfd8 $11 {Sf16}) 17. Rxb8 Rxb8 18.
Na4 (18. Rd3 Rb7 19. Qd1 $14 {SF16}) 18... Rb1 $15 19. Rb3 (19. Nc3 Ra1 20. Rd3
h5 $15) 19... Ra1 $17 20. Rb6 Bxc4 (20... Ba3 21. Rxa6 h6 $19 {SF16}) 21. Rxc6
(21. Nxc4 Qxf4 22. Nd2 Ng4 23. g3 Rxc1 24. Qxc1 Qe3 25. Rb8+ Bf8 26. Nc3 Qf2
27. Nf1 Qf3+ 28. Kg1 Qf2+ $11 {SF16}) 21... Qxc6 22. Nxc6 Ba3 23. Bd2 $2 (23.
Ne5 Ba6 24. Bd2 Rxe1+ 25. Bxe1 Nxe4 26. Bxa5 $11) (23. Nxa5 Bxa2 24. Bd2 Rxe1+
25. Bxe1 Nxe4 $11) 23... Rxe1+ 24. Bxe1 Bb5 $19 {a retreat overlooked by Wh}
25. e5 Bxc6 26. exf6 Bxa4 27. Bxa5 Bxc2 28. fxg7 Kxg7 29. Bb6 Bb1 0-1